000 00477nab a2200157Ia 4500
003 ES-SlBCS
005 20210601142141.0
008 140529s2000 xxu||||| |||| 00| 0 spa d
041 _aspa
100 1 _aSendra, José María
_9265761
245 0 0 _aLa calidad de la cerveza
_c José María Sendra, José V. Carbonell
650 0 4 _aCerveza
_9207564
700 1 _aCarbonell, José V.
_9265608
773 0 _tIberica
_gvol. 80, nº. 435, 2000, págs. 506-511
_wRev1238
942 _cAR
999 _c672373
_d672373